[Event "TUR-chT 2nd League"]
[Site "Denizli"]
[Date "2023.07.11"]
[Round "4.84"]
[White "Celik, Musa"]
[Black "Polat, Ahmet Eren"]
[Result "1-0"]
[WhiteElo "1688"]
[BlackElo "1625"]
[PlyCount "101"]
[EventDate "2023.07.09"]
[EventType "team-swiss"]
[EventRounds "9"]
[EventCountry "TUR"]
[SourceTitle "CBM 215 Extra"]
[Source "ChessBase"]
[SourceDate "2023.09.30"]
[SourceVersion "1"]
[SourceVersionDate "2023.09.30"]
[SourceQuality "1"]
[WhiteTeam "Celik"]
[BlackTeam "Mersin Altin Piyon"]
[WhiteTeamCountry "TUR"]
[BlackTeamCountry "TUR"]

1. e4 d6 2. d4 Nf6 3. Nc3 e5 4. Nf3 Nbd7 5. Bc4 Be7 6. 0-0 c6 7. a4 h6 8. h3 Qc7 9. Re1 0-0 10. Be3 Re8 11. Bb3 Nf8 12. Qd3 Ng6 13. Rad1 Bf8 14. dxe5 dxe5 15. Ne2 Nh5 16. Qd2 Qe7 17. Kh2 Qf6 18. Ng5 Nh8 19. Nf3 Ng6 20. Ng5 Nh8 21. Nf3 g5 22. Ng3 Nf4 23. Bxf4 gxf4 24. Ne2 Bc5 25. Neg1 Kh7 26. Re2 Qe7 27. Bc4 Ng6 28. c3 a5 29. Bb3 b6 30. Bc4 Ra7 31. Qc2 Rd8 32. Rxd8 Qxd8 33. Rd2 Rd7 34. Bxf7 Rxd2 35. Qxd2 Qxd2 36. Nxd2 Bxf2 37. Ngf3 b5 38. Bxg6+ Kxg6 39. Nxe5+ Kf6 40. Nxc6 Be3 41. Nb3 bxa4 42. Nbxa5 Bc1 43. Nc4 Bb7 44. e5+ Kf5 45. Nd6+ Ke6 46. Nxb7 Bxb2 47. Nc5+ Kd5 48. Nxa4 Ba1 49. Nb4+ Kxe5 50. Nc2 Bxc3 51. Nxc3 1-0

[Event "TUR Cup"]
[Site "Antalya"]
[Date "2020.01.30"]
[Round "7"]
[White "Polat, Ahmet Eren"]
[Black "Mercanli, Abdullah Gokturk"]
[Result "1/2-1/2"]
[WhiteElo "1641"]
[BlackElo "1474"]
[PlyCount "83"]
[EventDate "2020.01.26"]
[EventType "swiss"]
[EventRounds "11"]
[EventCountry "TUR"]
[SourceTitle "CBM 194 Extra"]
[Source "ChessBase"]
[SourceDate "2020.03.31"]
[SourceVersion "1"]
[SourceVersionDate "2020.03.31"]
[SourceQuality "1"]

1. e4 c5 2. Nc3 Nc6 3. g3 g6 4. Bg2 Bg7 5. d3 d6 6. Be3 e6 7. Qd2 Nge7 8. Bh6 0-0 9. h4 Bxh6 10. Qxh6 f6 11. Qd2 Nd4 12. Nd1 e5 13. c3 Ndc6 14. Ne3 Rb8 15. Ne2 b5 16. f4 h5 17. 0-0 exf4 18. Nxf4 Ne5 19. d4 Ng4 20. Nfd5 Nxd5 21. Nxd5 Be6 22. Nf4 Bf7 23. Bf3 Qc8 24. Bd1 b4 25. Bb3 c4 26. Bc2 bxc3 27. bxc3 Kg7 28. Rab1 Qd7 29. Ng2 d5 30. Qf4 Rxb1 31. Rxb1 Re8 32. Qf3 a5 33. Rb6 Re6 34. Rxe6 Bxe6 35. Nf4 dxe4 36. Bxe4 f5 37. Bc6 Qd6 38. d5 Qc5+ 39. Kh1 Bg8 40. Qe2 Nf2+ 41. Kg2 Ne4 42. Kh2 1/2-1/2

[Event "TUR Cup"]
[Site "Antalya"]
[Date "2020.01.29"]
[Round "5"]
[White "Polat, Ahmet Eren"]
[Black "Seb, Ozgur"]
[Result "1-0"]
[WhiteElo "1641"]
[BlackElo "1573"]
[PlyCount "103"]
[EventDate "2020.01.26"]
[EventType "swiss"]
[EventRounds "11"]
[EventCountry "TUR"]
[SourceTitle "CBM 194 Extra"]
[Source "ChessBase"]
[SourceDate "2020.03.31"]
[SourceVersion "1"]
[SourceVersionDate "2020.03.31"]
[SourceQuality "1"]

1. e4 e5 2. Nf3 Nc6 3. Bc4 Bc5 4. c3 Qe7 5. d3 Nf6 6. Bb3 d6 7. Nbd2 0-0 8. h3 Be6 9. Nf1 d5 10. Ng3 dxe4 11. dxe4 Rfd8 12. Qe2 Bxb3 13. axb3 Qe6 14. b4 Bf8 15. 0-0 h6 16. Nf5 Ne7 17. N3h4 Kh7 18. Re1 g6 19. Nxe7 Qxe7 20. Nf3 a6 21. Ra5 Nd7 22. Be3 c6 23. Nd2 Bg7 24. Nc4 f6 25. Qg4 Nf8 26. Raa1 Qe6 27. Qxe6 Nxe6 28. Red1 Bf8 29. Bb6 Rxd1+ 30. Rxd1 Re8 31. Na5 Re7 32. Bc5 Nxc5 33. bxc5 h5 34. b4 Bh6 35. Kf1 Kg7 36. Ke2 Kf7 37. Rd8 Rc7 38. Rb8 Ke7 39. Rxb7 Rxb7 40. Nxb7 Kd7 41. Kd3 Bf8 42. Kc4 Kc7 43. Na5 Be7 44. Kb3 Kd7 45. Ka4 Bd8 46. Nb3 f5 47. f3 Bg5 48. Ka5 Bd8+ 49. Kxa6 Bh4 50. c4 Be1 51. b5 Bf2 52. b6 1-0

[Event "TUR Cup"]
[Site "Antalya"]
[Date "2020.01.28"]
[Round "4"]
[White "Kirali, Mehmet"]
[Black "Polat, Ahmet Eren"]
[Result "1-0"]
[WhiteElo "1890"]
[BlackElo "1641"]
[PlyCount "91"]
[EventDate "2020.01.26"]
[EventType "swiss"]
[EventRounds "11"]
[EventCountry "TUR"]
[SourceTitle "CBM 194 Extra"]
[Source "ChessBase"]
[SourceDate "2020.03.31"]
[SourceVersion "1"]
[SourceVersionDate "2020.03.31"]
[SourceQuality "1"]

1. d4 d6 2. Nf3 g6 3. c4 Bg7 4. Nc3 Nf6 5. e4 Bg4 6. Be2 Nfd7 7. Be3 0-0 8. Qd2 Nc6 9. 0-0 e5 10. d5 Bxf3 11. Bxf3 Nd4 12. Bd1 c5 13. dxc6 bxc6 14. b4 a6 15. a4 Nb6 16. Qd3 d5 17. c5 dxe4 18. Qxe4 f5 19. Qb1 Nd7 20. a5 Kh8 21. Na4 e4 22. Nb6 Ra7 23. Ra2 Ne5 24. Rd2 Nd3 25. Ba4 Rc7 26. Rfd1 Qh4 27. Rxd3 exd3 28. Qxd3 Rd8 29. Qxa6 Be5 30. h3 Kg7 31. Qf1 Nb5 32. Rxd8 Qxd8 33. Nc4 Bc3 34. Bxb5 cxb5 35. Nd6 Be5 36. Qd3 Rd7 37. Bd4 Qe7 38. Qc3 Bxd4 39. Qxd4+ Kg8 40. g3 Qe2 41. Qd5+ Kf8 42. c6 Re7 43. Nxb5 Qe1+ 44. Kg2 Qxb4 45. c7 Re8 46. Qd6+ 1-0

[Event "TUR Cup"]
[Site "Antalya"]
[Date "2020.01.27"]
[Round "2"]
[White "Makaraci, Tunahan"]
[Black "Polat, Ahmet Eren"]
[Result "1-0"]
[WhiteElo "2029"]
[BlackElo "1641"]
[PlyCount "55"]
[EventDate "2020.01.26"]
[EventType "swiss"]
[EventRounds "11"]
[EventCountry "TUR"]
[SourceTitle "CBM 194 Extra"]
[Source "ChessBase"]
[SourceDate "2020.03.31"]
[SourceVersion "1"]
[SourceVersionDate "2020.03.31"]
[SourceQuality "1"]

1. e4 d6 2. d4 Nf6 3. Nc3 e5 4. Nge2 Be7 5. g3 Nbd7 6. Bg2 c6 7. a4 a5 8. 0-0 0-0 9. h3 Re8 10. Be3 Bf8 11. g4 exd4 12. Bxd4 Nc5 13. Ng3 Nfd7 14. f4 Nb6 15. b3 Be7 16. Qd2 f6 17. Qf2 Nbd7 18. Rad1 Ne6 19. Nf5 g6 20. Nxe7+ Qxe7 21. Rfe1 Nec5 22. Bf1 b6 23. Bc4+ Kf8 24. e5 d5 25. exf6 Qd8 26. Qh4 Ne6 27. Qh6+ Kf7 28. Qxh7+ 1-0

[Event "TUR-chT Clubs"]
[Site "Konya"]
[Date "2019.07.20"]
[Round "7.6"]
[White "Metin, Enis"]
[Black "Polat, Ahmet Eren"]
[Result "1/2-1/2"]
[WhiteElo "1538"]
[BlackElo "1651"]
[PlyCount "83"]
[EventDate "2019.07.16"]
[EventType "team-swiss"]
[EventRounds "9"]
[EventCountry "TUR"]
[SourceTitle "CBM 191 Extra"]
[Source "ChessBase"]
[SourceDate "2019.09.30"]
[SourceVersion "1"]
[SourceVersionDate "2019.09.30"]
[SourceQuality "1"]
[WhiteTeam "Yalova Beyaz Fil"]
[BlackTeam "Krater Genclik"]
[WhiteTeamCountry "TUR"]
[BlackTeamCountry "TUR"]

1. e4 d6 2. Nf3 Nf6 3. Nc3 e5 4. d4 Nbd7 5. Bc4 Be7 6. 0-0 0-0 7. Qe2 c6 8. h3 a5 9. a4 h6 10. Rd1 Qc7 11. Nh4 Nb6 12. Ng6 Re8 13. dxe5 dxe5 14. Nxe7+ Qxe7 15. Bd3 Be6 16. Qf3 Nfd7 17. Qg3 Kh8 18. Be3 Nc4 19. Bxc4 Bxc4 20. b3 Be6 21. Rd3 Qb4 22. Rad1 Nc5 23. Bxc5 Qxc5 24. Qe3 Qxe3 25. Rxe3 Rad8 26. Red3 Rxd3 27. Rxd3 Kg8 28. f3 Kf8 29. Kf2 Ke7 30. Ke3 Rd8 31. Rxd8 Kxd8 32. Ne2 Ke7 33. Nc1 Kd6 34. Nd3 b5 35. Nb2 f6 36. Kd3 h5 37. h4 Kc5 38. Kc3 Kd6 39. Kd3 Kc5 40. Kc3 Kd6 41. Kd3 Kc5 42. Kc3 1/2-1/2

[Event "TUR-chT Clubs"]
[Site "Konya"]
[Date "2019.07.18"]
[Round "5.1"]
[White "Saridag, Omer Melih"]
[Black "Polat, Ahmet Eren"]
[Result "1-0"]
[WhiteElo "1820"]
[BlackElo "1651"]
[PlyCount "63"]
[EventDate "2019.07.16"]
[EventType "team-swiss"]
[EventRounds "9"]
[EventCountry "TUR"]
[SourceTitle "CBM 191 Extra"]
[Source "ChessBase"]
[SourceDate "2019.09.30"]
[SourceVersion "1"]
[SourceVersionDate "2019.09.30"]
[SourceQuality "1"]
[WhiteTeam "Borcelik Bursa Deneyim"]
[BlackTeam "Krater Genclik"]
[WhiteTeamCountry "TUR"]
[BlackTeamCountry "TUR"]

1. d4 d6 2. Nf3 Nf6 3. e3 Nbd7 4. c4 e5 5. Be2 Be7 6. 0-0 0-0 7. Nc3 c6 8. Qc2 Qc7 9. b4 Re8 10. a4 a5 11. b5 Bf8 12. Ba3 exd4 13. exd4 Nb6 14. Bd3 g6 15. Rab1 Bg4 16. Nd2 d5 17. Bxf8 Kxf8 18. c5 Nc8 19. h3 Bd7 20. Nf3 Nh5 21. Ne2 Ng7 22. Qd2 f6 23. b6 Qb8 24. Qh6 Kg8 25. Nh4 Ne7 26. g4 f5 27. Nf3 fxg4 28. Ng5 Be6 29. Qxh7+ Kf8 30. Nxe6+ Nxe6 31. hxg4 Nf4 32. Qh6+ 1-0

[Event "TUR-chT Clubs"]
[Site "Konya"]
[Date "2019.07.17"]
[Round "3.1"]
[White "Uysal, Ugur"]
[Black "Polat, Ahmet Eren"]
[Result "1/2-1/2"]
[WhiteElo "1689"]
[BlackElo "1651"]
[PlyCount "87"]
[EventDate "2019.07.16"]
[EventType "team-swiss"]
[EventRounds "9"]
[EventCountry "TUR"]
[SourceTitle "CBM 191 Extra"]
[Source "ChessBase"]
[SourceDate "2019.09.30"]
[SourceVersion "1"]
[SourceVersionDate "2019.09.30"]
[SourceQuality "1"]
[WhiteTeam "Canakkale Doruk"]
[BlackTeam "Krater Genclik"]
[WhiteTeamCountry "TUR"]
[BlackTeamCountry "TUR"]

1. Nf3 d6 2. d4 g6 3. c4 Bg7 4. g3 Nd7 5. Bg2 e5 6. dxe5 Nxe5 7. Nxe5 Bxe5 8. 0-0 Bg7 9. Qb3 c6 10. Rd1 Qc7 11. c5 Be6 12. Qb4 dxc5 13. Qxc5 Rd8 14. Rxd8+ Qxd8 15. Qc2 Ne7 16. Nc3 0-0 17. Be3 Qa5 18. Bd2 Qc5 19. Be3 Qa5 20. Bd2 Qc5 21. Qa4 Qd4 22. Qxd4 Bxd4 23. Rd1 Bb6 24. Bg5 f6 25. Bf4 Rd8 26. Rxd8+ Bxd8 27. b3 Kg7 28. Bb8 Nc8 29. Na4 Be7 30. Bf4 Nb6 31. Nxb6 axb6 32. Be3 b5 33. Kf1 Bf5 34. Bc1 Bc2 35. e3 Bb1 36. a3 b4 37. axb4 Bxb4 38. Bh3 Bd3+ 39. Kg1 f5 40. Bf1 Bc2 41. Bb2+ Kf8 42. Bc4 b5 43. Be6 c5 44. Be5 1/2-1/2

[Event "TUR-chT2"]
[Site "Konya"]
[Date "2017.07.09"]
[Round "1"]
[White "Polat, Ahmet Eren"]
[Black "Ozalp, Burak"]
[Result "0-1"]
[WhiteElo "1545"]
[BlackElo "2148"]
[PlyCount "124"]
[EventDate "2017.07.09"]
[EventType "team-swiss"]
[EventRounds "9"]
[EventCountry "TUR"]
[SourceTitle "CBM 179 Extra"]
[Source "ChessBase"]
[SourceDate "2017.08.23"]
[SourceVersion "1"]
[SourceVersionDate "2017.08.23"]
[SourceQuality "1"]
[WhiteTeam "Karaman Akademi"]
[BlackTeam "Ankara DSI Genclik"]
[WhiteTeamCountry "TUR"]
[BlackTeamCountry "TUR"]

1. e4 c5 2. Nc3 Nc6 3. g3 g6 4. Bg2 Bg7 5. d3 e6 6. Be3 d6 7. Qd2 Nd4 8. Nd1 Rb8 9. c3 Nc6 10. Nf3 b6 11. 0-0 Ba6 12. Re1 Ne5 13. Nxe5 dxe5 14. c4 Ne7 15. a3 Nc6 16. b4 Nd4 17. Ra2 0-0 18. Nc3 Qd7 19. Ne2 Nxe2+ 20. Qxe2 Rfd8 21. Bf1 Bf8 22. b5 Bb7 23. a4 f5 24. f3 Bg7 25. Qd2 Qf7 26. Qc1 Rf8 27. Rf2 Rbd8 28. Be2 Rd7 29. Ref1 f4 30. Bd2 h5 31. Bc3 Bf6 32. Rg2 Kh7 33. g4 hxg4 34. fxg4 Rfd8 35. g5 Bg7 36. Rf3 Kg8 37. Qb2 Rd4 38. Bxd4 exd4 39. Rff2 Bxe4 40. Rg4 Bf5 41. Rgxf4 Qe7 42. h4 Be5 43. R4f3 Qh7 44. h5 gxh5 45. Qd2 Qg6 46. Rg2 h4 47. Rxf5 exf5 48. Bf3 Qd6 49. Bd5+ Kg7 50. Rf2 Rf8 51. Qe2 Bg3 52. Rf3 Qe5 53. Qxe5+ Bxe5 54. Rh3 Bg3 55. Kg2 Re8 56. Rh1 Re2+ 57. Kh3 Kg6 58. Bc6 Kxg5 59. Bg2 Rd2 60. Bf1 f4 61. Bg2 Rxd3 62. Re1 Bxe1+ 0-1

[Event "TUR Cup"]
[Site "Antalya"]
[Date "2017.02.03"]
[Round "10"]
[White "Dogan, Ugur"]
[Black "Polat, Ahmet Eren"]
[Result "0-1"]
[WhiteElo "1817"]
[BlackElo "1415"]
[PlyCount "132"]
[EventDate "2017.01.28"]
[EventType "swiss"]
[EventRounds "11"]
[EventCountry "TUR"]
[SourceTitle "CBM 176 Extra"]
[Source "ChessBase"]
[SourceDate "2017.03.02"]
[SourceVersion "1"]
[SourceVersionDate "2017.03.02"]
[SourceQuality "1"]

1. e4 d6 2. b3 Nf6 3. Nc3 g6 4. Bb2 Bg7 5. d3 a6 6. h3 b5 7. g3 Bb7 8. Bg2 Nbd7 9. Nge2 c5 10. Qd2 Qc7 11. a4 b4 12. Nd1 a5 13. Rb1 Nb6 14. Ne3 0-0 15. 0-0 Ne8 16. Bxg7 Nxg7 17. g4 Rad8 18. Nd5 Nxd5 19. exd5 e6 20. Nf4 e5 21. Ne2 Rde8 22. Ng3 f5 23. f4 exf4 24. Rxf4 g5 25. Rxf5 Nxf5 26. Nxf5 Qd8 27. c4 Bc8 28. Ng3 Re5 29. d4 cxd4 30. Qxd4 Rf4 31. Qd2 Qb6+ 32. Kh2 Rf2 33. Qc1 Qd4 34. Qg1 Qf4 35. Rf1 Rxf1 36. Qxf1 Qxf1 37. Nxf1 Kf7 38. Nd2 Re2 39. Nf3 h6 40. Nd4 Rd2 41. Nc6 Bd7 42. Nxa5 Rb2 43. Kg3 Ke8 44. Be4 Kd8 45. h4 Kc7 46. Bf5 Be8 47. hxg5 hxg5 48. c5 dxc5 49. Kf3 Bf7 50. Ke4 Re2+ 51. Kd3 Re7 52. Be4 Rd7 53. Kc4 Kd6 54. Nc6 Rc7 55. Nd8 Bg8 56. a5 Rd7 57. Nc6 Rc7 58. Nd8 Rd7 59. Nc6 Rc7 60. Kb5 Bxd5 61. Bxd5 Kxd5 62. Nd8 c4 63. bxc4+ Rxc4 64. a6 b3 65. a7 Rc8 66. Nc6 Ra8 0-1

[Event "TUR Cup"]
[Site "Antalya"]
[Date "2017.01.29"]
[Round "3"]
[White "Degirmenci, Yagiz"]
[Black "Polat, Ahmet Eren"]
[Result "1/2-1/2"]
[WhiteElo "1964"]
[BlackElo "1415"]
[PlyCount "98"]
[EventDate "2017.01.28"]
[EventType "swiss"]
[EventRounds "11"]
[EventCountry "TUR"]
[SourceTitle "CBM 176 Extra"]
[Source "ChessBase"]
[SourceDate "2017.03.02"]
[SourceVersion "1"]
[SourceVersionDate "2017.03.02"]
[SourceQuality "1"]

1. d4 d6 2. Nf3 g6 3. Nc3 Bg7 4. e4 Nd7 5. Be3 Ngf6 6. h3 0-0 7. Qd2 e5 8. dxe5 dxe5 9. Rd1 Qe7 10. Bc4 c6 11. 0-0 b5 12. Bd3 Nc5 13. Bxc5 Qxc5 14. Ne2 Nd7 15. b4 Qe7 16. Ng3 Nb6 17. Rfe1 Rd8 18. a3 Bb7 19. Qe3 Nd7 20. Nd2 a5 21. c3 axb4 22. axb4 Nf8 23. Nb3 Ne6 24. Nc5 Qc7 25. Bf1 Rxd1 26. Rxd1 Bf8 27. Rb1 Bc8 28. Nb3 Nf4 29. Ne2 Be6 30. Nec1 Bxb3 31. Nxb3 Qa7 32. Na5 Qc7 33. Nb3 Qa7 34. Qe1 Qb6 35. Ra1 Qb7 36. Rd1 Ne6 37. Na5 Qc7 38. Rc1 Qb6 39. Nb3 Rc8 40. Rb1 Qc7 41. Nd2 Rd8 42. Nf3 Nf4 43. g3 Ne6 44. Qe3 Ra8 45. c4 Rb8 46. Qc3 bxc4 47. Bxc4 Nd4 48. Nxd4 exd4 49. Qxd4 c5 1/2-1/2

[Event "TUR Cup"]
[Site "Antalya"]
[Date "2017.01.29"]
[Round "2"]
[White "Polat, Ahmet Eren"]
[Black "Bal, Enes Emre"]
[Result "1/2-1/2"]
[WhiteElo "1415"]
[BlackElo "1936"]
[PlyCount "55"]
[EventDate "2017.01.28"]
[EventType "swiss"]
[EventRounds "11"]
[EventCountry "TUR"]
[SourceTitle "CBM 176 Extra"]
[Source "ChessBase"]
[SourceDate "2017.03.02"]
[SourceVersion "1"]
[SourceVersionDate "2017.03.02"]
[SourceQuality "1"]

1. d4 Nf6 2. c4 c5 3. Nf3 cxd4 4. Nxd4 Nc6 5. Nc3 g6 6. g3 Bg7 7. Nxc6 bxc6 8. Bg2 0-0 9. 0-0 Bb7 10. Qc2 Qa5 11. b4 Qf5 12. Qxf5 gxf5 13. Rb1 d5 14. b5 Ne4 15. bxc6 Nxc3 16. Rxb7 Nxe2+ 17. Kh1 dxc4 18. Rxe7 Rfe8 19. Rxe8+ Rxe8 20. c7 Be5 21. Be3 Bxc7 22. Re1 Nc3 23. Rc1 Ba5 24. Bf1 Nd5 25. Rxc4 Nxe3 26. fxe3 Rxe3 27. Rc5 Bb6 28. Rxf5 1/2-1/2